Min al-amthāl al-ʻāmmīyah /

محفوظ في:

المؤلف الرئيسي: Zayd, Khālid Saʿūd (مؤلف)

التنسيق: كتاب

اللغة: Arabic

منشور في: [al-Kuwayt] : [Matbʻat Hukūmat al-Kuwayt], 1381 h., 1961 m.

الموضوعات:

الوسوم: إضافة وسم

لا توجد وسوم, كن أول من يضع وسما على هذه التسجيلة!

رقم الطلب: PN6519 .A7 Z39 1961

LEADER 01001nam a2200253Ia 4500
003 OSt
005 20240201083828.0
008 130303s1961 ku 000 0 ara d
952 |0 0  |1 0  |2 lcc  |4 0  |6 PN6519 A7 Z39 01961  |7 1  |9 60952  |a ARCE  |b ARCE  |d 2024-02-01  |l 0  |o PN6519 .A7 Z39 1961  |p 1032200  |r 2024-02-01 00:00:00  |w 2024-02-01  |y BK 
999 |c 29515  |d 29515 
010 |a 76970311 
040 |c ARCE Library 
043 |a a-ku---  
050 4 |a PN6519 .A7 Z39 1961 
100 1 |6 880-01  |a Zayd, Khālid Saʿūd,  |e author 
245 1 0 |6 880-02  |a Min al-amthāl al-ʻāmmīyah /   |c ikhtārahā wa-sharaḥahā Khālid Saʻūd al-Zayd. 
264 1 |a [al-Kuwayt] :   |b [Matbʻat Hukūmat al-Kuwayt],   |c 1381 h., 1961 m. 
300 |a 267 pages ;   |c 24 cm. 
555 |a shimaa 
650 0 |a Proverbs, Arabic  |z Kuwait. 
880 1 |6 100-01/(3/r  |a زيد، خالد سعود 
880 1 0 |6 245-02/(3/r  |a من الأمثال العامية   |c اختارها وشرحها خالد سعود الزيد 
901 |a reviewed 
942 |c BK  |2 lcc